Wiki Springtime Picture Click Quiz Stats

 Plays Quiz Updated Apr 24, 2019

Score 0/12 Timer 04:00
5 Plays Today
% Correct
Mud
98.8%
Bonnet (headgear)
98.4%
Kite
97.1%
Sunlight
96.5%
Picnic
96.4%
Nectar
95.7%
Green
95.6%
Spring break
93.2%
Thunderstorm
91.6%
Dew
89.1%
Allergic rhinitis
87.8%
Germination
84.9%

You're not logged in!

Compare scores with friends on all Sporcle quizzes.
OR
Log In

Sporcle TV

Today on Sporcle TV


Watch our educational content, quiz creation guides, and fun videos on Sporcle TV.

Show Comments

Extras

Top Quizzes Today


Score Distribution

Your Account Isn't Verified!

In order to create a playlist on Sporcle, you need to verify the email address you used during registration. Go to your Sporcle Settings to finish the process.

Report this User

Report this user for behavior that violates our Community Guidelines.

Details: